000 00296nam a22001337a 4500
008 260220b ||||| |||| 00| 0 eng d
020 _a9789994369546
041 _aShqip
080 _a20.1
100 _a20.1
101 _apoezi
245 _aFytyrë e Panjohur
_cSadik Bejko
942 _2lcc
_cBK
999 _c60832
_d60832